[Event "Montcalm V 2003-04"]
[Site "Quebec CAN"]
[Date "2004.03.04"]
[Round "3"]
[White "Berube, Antoine"]
[Black "Sauve, Richard"]
[Result "1-0"]
[WhiteElo "1819"]
[BlackElo "2048"]
[PlyCount "53"]
[GameId "2160767911183782"]
[EventDate "2004.02.19"]
[EventType "swiss"]
[EventRounds "5"]
[EventCountry "CAN"]
[SourceTitle "EXT 2005"]
[Source "ChessBase"]
[SourceDate "2004.11.15"]
[SourceVersion "1"]
[SourceVersionDate "2004.11.15"]
[SourceQuality "1"]

1. d4 e6 2. c4 d5 3. Nc3 c6 4. Nf3 dxc4 5. a4 Bb4 6. e3 b5 7. Bd2 a5 8. axb5 Bxc3 9. Bxc3 cxb5 10. b3 Bb7 11. d5 Nf6 12. bxc4 b4 13. Bxf6 Qxf6 14. Qa4+ Nd7 15. Nd4 e5 16. Nb3 Ke7 17. Be2 Rhb8 18. O-O Qd6 19. Nxa5 Qc5 20. Rfb1 b3 21. Rxb3 Ra7 22. Rb5 Qc7 23. Qb4+ Kf6 24. Rb1 Bxd5 25. cxd5 Rxb5 26. Bxb5 Nc5 27. Nc6 1-0

[Event "Montcalm V 2003-04"]
[Site "Quebec CAN"]
[Date "2004.03.04"]
[Round "3"]
[White "Caire, Francois"]
[Black "Poliquin, Yvon"]
[Result "1-0"]
[WhiteElo "2045"]
[BlackElo "1808"]
[PlyCount "105"]
[GameId "2160767911183783"]
[EventDate "2004.02.19"]
[EventType "swiss"]
[EventRounds "5"]
[EventCountry "CAN"]

1. d4 c5 2. d5 f5 3. e4 fxe4 4. Nc3 Nf6 5. g4 h6 6. h4 d6 7. Bh3 g5 8. hxg5 hxg5 9. Bxg5 Bxg4 10. Qd2 Nbd7 11. Bg2 Rxh1 12. Bxh1 Qb6 13. Rb1 Qb4 14. a3 Qd4 15. Qxd4 cxd4 16. Nxe4 Bf5 17. Bxf6 exf6 18. Ne2 Nc5 19. f3 Bxe4 20. fxe4 d3 21. cxd3 Nxd3+ 22. Kd2 Ne5 23. Bg2 Bh6+ 24. Kc2 O-O-O 25. Nd4 Rg8 26. Bh3+ Kb8 27. Rh1 Be3 28. Nb5 Rd8 29. Re1 Bg5 30. Nd4 Rh8 31. Bf5 Rh2+ 32. Re2 Rxe2+ 33. Nxe2 Nc4 34. Nd4 Ne3+ 35. Kd3 Nxf5 36. Nxf5 Bf4 37. Ne3 Kc7 38. Nc4 Bc1 39. a4 b6 40. Kc3 Bf4 41. b4 a6 42. b5 a5 43. Kd3 Be5 44. Ke3 Bc3 45. Kf4 Bd4 46. Kf5 Kd7 47. Kg6 Ke7 48. Nd2 Be3 49. Nf3 Bf2 50. Nh2 Be1 51. Ng4 Bc3 52. Nh6 Be5 53. Ng8+ 1-0

[Event "Montcalm V 2003-04"]
[Site "Quebec CAN"]
[Date "2004.03.04"]
[Round "3"]
[White "Lessard, Claude"]
[Black "Audet-Bouchard, Nicolas"]
[Result "0-1"]
[WhiteElo "2007"]
[BlackElo "2029"]
[PlyCount "78"]
[GameId "2160767911183784"]
[EventDate "2004.02.19"]
[EventType "swiss"]
[EventRounds "5"]
[EventCountry "CAN"]

1. d4 Nf6 2. Nf3 d6 3. g3 Nbd7 4. Bg2 e5 5. O-O Be7 6. e3 O-O 7. b3 Re8 8. c4 c6 9. Nbd2 e4 10. Ne1 d5 11. Nc2 Nf8 12. Bb2 Bg4 13. f3 exf3 14. Bxf3 Bf5 15. Bg2 Bd3 16. Rf2 Bd6 17. Ne1 Be4 18. Nxe4 Nxe4 19. Bxe4 Rxe4 20. Ng2 Nd7 21. cxd5 cxd5 22. Qd3 Qe7 23. Raf1 Nf6 24. Rc2 Re8 25. Bc1 Re6 26. Qf5 Qd7 27. Qd3 Ne4 28. Nh4 g6 29. Nf3 Rf6 30. Kg2 a6 31. Ne5 Qe6 32. Rxf6 Nxf6 33. Rf2 Ne4 34. Rf1 f6 35. Nf3 Qg4 36. Qe2 Rc8 37. Bb2 Bxg3 38. hxg3 Nxg3 39. Qf2 Ne4+ 0-1

[Event "Montcalm V 2003-04"]
[Site "Quebec CAN"]
[Date "2004.04.03"]
[Round "3"]
[White "Crepault, Francois"]
[Black "Dion, Jean-Francois"]
[Result "1-0"]
[WhiteElo "1305"]
[BlackElo "1923"]
[PlyCount "93"]
[GameId "2160767911183785"]
[EventDate "2004.02.19"]
[EventType "swiss"]
[EventRounds "5"]
[EventCountry "CAN"]
[SourceTitle "EXT 2005"]
[Source "ChessBase"]
[SourceDate "2004.11.15"]
[SourceVersion "1"]
[SourceVersionDate "2004.11.15"]
[SourceQuality "1"]

1. Nf3 Nf6 2. b3 g6 3. Bb2 Bg7 4. g3 O-O 5. Bg2 d6 6. O-O c5 7. c4 Nc6 8. Nc3 Rb8 9. e3 Bd7 10. d4 a6 11. Qe2 Bg4 12. Rfd1 Nd7 13. Nd5 e6 14. Nf4 e5 15. dxe5 Ndxe5 16. Rd2 Qc8 17. h3 Nxf3+ 18. Bxf3 Bxf3 19. Qxf3 Ne5 20. Qg2 Rd8 21. Rad1 g5 22. Bxe5 Bxe5 23. Nd5 Qe6 24. Nb6 Kh8 25. Kh2 f5 26. f4 gxf4 27. exf4 Bd4 28. Qd5 Qg6 29. Qg2 Rg8 30. Re2 Rbe8 31. Rde1 Rxe2 32. Rxe2 Qf7 33. Qd5 Qc7 34. Na4 b5 35. Nb2 Qg7 36. Qg2 Bxb2 37. Rxb2 bxc4 38. bxc4 Qd4 39. Qe2 Qc3 40. Rb3 Qd4 41. Rd3 Qxc4 42. Qb2+ Rg7 43. Rxd6 h5 44. Rh6+ Kg8 45. Qb8+ Kf7 46. Qc7+ Kf8 47. Qd8+ 1-0

[Event "Montcalm V 2003-04"]
[Site "Quebec CAN"]
[Date "2004.03.11"]
[Round "4"]
[White "Audet-Bouchard, Nicolas"]
[Black "Caire, Francois"]
[Result "1/2-1/2"]
[WhiteElo "2129"]
[BlackElo "2045"]
[PlyCount "43"]
[GameId "2160767911183786"]
[EventDate "2004.02.19"]
[EventType "swiss"]
[EventRounds "5"]
[EventCountry "CAN"]

1. e4 e5 2. f4 exf4 3. Bc4 Nf6 4. Nc3 Nc6 5. Nf3 Bb4 6. O-O O-O 7. e5 Ng4 8. Nd5 Ngxe5 9. Nxe5 Bc5+ 10. Kh1 Nxe5 11. Bb3 Ng6 12. d4 Bd6 13. Nxf4 Nxf4 14. Bxf4 Bxf4 15. Rxf4 d5 16. Qh5 Be6 17. Raf1 c6 18. c3 g6 19. Qh6 f5 20. Bc2 Qd7 21. g4 Qg7 22. Qxg7+ 1/2-1/2

[Event "Montcalm V 2003-04"]
[Site "Quebec CAN"]
[Date "2004.03.11"]
[Round "4"]
[White "Auger, Bertrand"]
[Black "Berube, Antoine"]
[Result "1-0"]
[WhiteElo "2099"]
[BlackElo "1907"]
[PlyCount "107"]
[GameId "2160767911183787"]
[EventDate "2004.02.19"]
[EventType "swiss"]
[EventRounds "5"]
[EventCountry "CAN"]
[SourceTitle "EXT 2005"]
[Source "ChessBase"]
[SourceDate "2004.11.15"]
[SourceVersion "1"]
[SourceVersionDate "2004.11.15"]
[SourceQuality "1"]

1. Nf3 d5 2. c4 c6 3. g3 Nf6 4. b3 Bg4 5. Bg2 Nbd7 6. O-O e5 7. cxd5 cxd5 8. Bb2 Bd6 9. Nc3 a6 10. h3 Be6 11. Ng5 O-O 12. Nxe6 fxe6 13. e4 d4 14. Ne2 Qe7 15. a3 Kh8 16. d3 Rac8 17. f4 Rfd8 18. fxe5 Bxe5 19. b4 b5 20. Rc1 Qd6 21. g4 Nb6 22. Rxc8 Rxc8 23. Bc1 Na4 24. Kh1 Qc7 25. Bf4 Bxf4 26. Nxf4 e5 27. Nd5 Nxd5 28. exd5 Qd6 29. Qf3 Nc3 30. Qf5 Rd8 31. Re1 Nxd5 32. Rxe5 Ne3 33. Qe6 g6 34. g5 Nc2 35. Qf6+ Qxf6 36. gxf6 Nxa3 37. Bb7 Nc2 38. Bxa6 Nxb4 39. Bxb5 Kg8 40. Bc4+ Kf8 41. Re7 Nd5 42. Rxh7 Rd6 43. f7 Ke7 44. Kh2 g5 45. Kg3 Nf6 46. Rh8 Nd7 47. Re8+ Kf6 48. f8=Q+ Nxf8 49. Rxf8+ Kg6 50. Kg4 Kh6 51. Rg8 Rf6 52. Rxg5 Rf1 53. Rf5 Rg1+ 54. Kf3 1-0

[Event "Montcalm V 2003-04"]
[Site "Quebec CAN"]
[Date "2004.03.11"]
[Round "4"]
[White "Johnson, Bernard"]
[Black "Bourassa, Andre"]
[Result "0-1"]
[WhiteElo "1209"]
[BlackElo "1692"]
[PlyCount "82"]
[GameId "2160767911183788"]
[EventDate "2004.02.19"]
[EventType "swiss"]
[EventRounds "5"]
[EventCountry "CAN"]

1. e4 c5 2. Nf3 d6 3. d4 cxd4 4. Nxd4 Nf6 5. Nc3 a6 6. Bd3 e5 7. Nf3 h6 8. O-O Be6 9. Qe2 Nc6 10. Bd2 Bg4 11. a3 Nd4 12. Qe3 Qb6 13. b3 Nxf3+ 14. gxf3 Qxe3 15. fxe3 Be6 16. f4 Be7 17. f5 Bd7 18. Nd5 Bd8 19. Rf3 Bc6 20. c4 Bxd5 21. cxd5 Rc8 22. Rg3 O-O 23. Kh1 Kh7 24. Rag1 Rg8 25. Rc1 Rxc1+ 26. Bxc1 g6 27. Kg2 Bb6 28. Kf2 Rc8 29. Bd2 gxf5 30. exf5 e4 31. Bc4 Bd8 32. a4 b5 33. axb5 axb5 34. Bxb5 Rc2 35. Ke1 Rc5 36. Ba4 Rxd5 37. Rg2 Rxf5 38. Bc3 Rg5 39. Rf2 Kg6 40. Rb2 Nd5 41. Kd2 Nxc3 0-1

[Event "Montcalm V 2003-04"]
[Site "Quebec CAN"]
[Date "2004.03.11"]
[Round "4"]
[White "Moisan, Francois"]
[Black "Cummins, Paul"]
[Result "1-0"]
[WhiteElo "1693"]
[BlackElo "1634"]
[PlyCount "75"]
[GameId "2160767911183789"]
[EventDate "2004.02.19"]
[EventType "swiss"]
[EventRounds "5"]
[EventCountry "CAN"]

1. e4 e5 2. Nf3 Nc6 3. Bb5 a6 4. Ba4 Nf6 5. O-O b5 6. Bb3 Be7 7. Re1 O-O 8. a4 b4 9. h3 d6 10. c3 Bb7 11. d3 Rb8 12. a5 bxc3 13. bxc3 Na7 14. Nbd2 c5 15. Qc2 Nc6 16. Nc4 Bc8 17. Bb2 Nh5 18. d4 cxd4 19. cxd4 exd4 20. Nxd4 Nxd4 21. Bxd4 Bf6 22. Bb6 Rxb6 23. axb6 Bxa1 24. Rxa1 Qg5 25. h4 Qxh4 26. Nxd6 Qf6 27. Rd1 Bg4 28. Rd2 Qa1+ 29. Kh2 Qe5+ 30. Kg1 Qa1+ 31. Kh2 Qe5+ 32. g3 Nf6 33. Nxf7 Qh5+ 34. Kg1 Qa5 35. Ne5+ Kh8 36. Nxg4 Nxg4 37. b7 Nxf2 38. Rxf2 1-0

[Event "Montcalm V 2003-04"]
[Site "Quebec CAN"]
[Date "2004.03.11"]
[Round "4"]
[White "Sauve, Richard"]
[Black "Bisson, Real"]
[Result "1-0"]
[WhiteElo "2048"]
[BlackElo "1592"]
[PlyCount "47"]
[GameId "2160767911183790"]
[EventDate "2004.02.19"]
[EventType "swiss"]
[EventRounds "5"]
[EventCountry "CAN"]
[SourceTitle "EXT 2005"]
[Source "ChessBase"]
[SourceDate "2004.11.15"]
[SourceVersion "1"]
[SourceVersionDate "2004.11.15"]
[SourceQuality "1"]

1. d4 Nf6 2. c4 d6 3. Nc3 g6 4. e4 Bg7 5. f3 O-O 6. Be3 c6 7. Bd3 Nbd7 8. Rc1 e5 9. d5 c5 10. Nge2 Nh5 11. Qd2 f5 12. Bg5 Bf6 13. Bxf6 Qxf6 14. exf5 gxf5 15. Kd1 Rf7 16. Kc2 Nb6 17. Kb1 Bd7 18. g4 Ng7 19. g5 Qe7 20. Ng3 Raf8 21. h4 f4 22. Nge4 Nh5 23. Rhg1 Bf5 24. Nf6+ 1-0

[Event "Montcalm V 2003-04"]
[Site "Quebec CAN"]
[Date "2004.03.18"]
[Round "5"]
[White "Audet-Bouchard, Nicolas"]
[Black "Moisan, Francois"]
[Result "0-1"]
[WhiteElo "2129"]
[BlackElo "1693"]
[PlyCount "60"]
[GameId "2160767911183791"]
[EventDate "2004.02.19"]
[EventType "swiss"]
[EventRounds "5"]
[EventCountry "CAN"]

1. e4 e5 2. Nf3 Nc6 3. Bb5 a6 4. Ba4 Nf6 5. O-O Be7 6. Re1 b5 7. Bb3 O-O 8. c3 d5 9. exd5 Nxd5 10. Nxe5 Nxe5 11. Rxe5 Nf6 12. d4 Bd6 13. Re1 Bg4 14. Qd3 Qd7 15. Bg5 Bf5 16. Qe2 Rae8 17. Be3 Ng4 18. h3 Nxe3 19. fxe3 Re7 20. Nd2 Rfe8 21. Qf3 c5 22. Qf2 Bg6 23. Nf1 Qc7 24. a4 Bd3 25. axb5 axb5 26. Bd5 Be4 27. Bxe4 Rxe4 28. Qd2 Qe7 29. Ra5 cxd4 30. cxd4 Bb4 0-1

[Event "Montcalm V 2003-04"]
[Site "Quebec CAN"]
[Date "2004.03.18"]
[Round "5"]
[White "Bourassa, Andre"]
[Black "Cummins, Paul"]
[Result "0-1"]
[WhiteElo "1692"]
[BlackElo "1634"]
[PlyCount "60"]
[GameId "2160767911183792"]
[EventDate "2004.02.19"]
[EventType "swiss"]
[EventRounds "5"]
[EventCountry "CAN"]

1. d4 d5 2. c4 e6 3. Nc3 c6 4. e3 Nf6 5. Bd3 Nbd7 6. Nf3 dxc4 7. Bxc4 b5 8. Bd3 a6 9. Ne4 Bb7 10. O-O c5 11. Nxf6+ Nxf6 12. dxc5 Bxc5 13. Be2 Qb6 14. Bd2 Rd8 15. Qc1 Ne4 16. Rd1 Rc8 17. Be1 Bd6 18. Qb1 Bd5 19. Bd3 f5 20. Rc1 Rxc1 21. Qxc1 Nc5 22. Be2 O-O 23. Bc3 Qc7 24. h3 e5 25. Qe1 Ne4 26. Ba5 Qf7 27. b3 f4 28. exf4 Qxf4 29. Rd1 Bc5 30. g3 Qxg3+ 0-1

[Event "Montcalm V 2003-04"]
[Site "Quebec CAN"]
[Date "2004.03.18"]
[Round "5"]
[White "Caire, Francois"]
[Black "Auger, Bertrand"]
[Result "1-0"]
[WhiteElo "2030"]
[BlackElo "2099"]
[PlyCount "91"]
[GameId "2160767911183793"]
[EventDate "2004.02.19"]
[EventType "swiss"]
[EventRounds "5"]
[EventCountry "CAN"]
[SourceTitle "EXT 2005"]
[Source "ChessBase"]
[SourceDate "2004.11.15"]
[SourceVersion "1"]
[SourceVersionDate "2004.11.15"]
[SourceQuality "1"]

1. Nf3 Nf6 2. d4 e6 3. c4 b6 4. a3 Bb7 5. Nc3 Be7 6. d5 O-O 7. e4 exd5 8. cxd5 d6 9. Bd3 Re8 10. O-O Nfd7 11. Be3 Bf6 12. Nd4 g6 13. Qd2 c5 14. dxc6 Nxc6 15. Ndb5 Nc5 16. Bc2 Ba6 17. a4 Nb4 18. f3 Be5 19. Rad1 Qe7 20. Rf2 Bb7 21. Bb1 Red8 22. Ne2 Nc6 23. b4 Ne6 24. Ba2 a6 25. Na3 b5 26. axb5 axb5 27. Nxb5 Nxb4 28. Bxe6 Qxe6 29. Qxb4 Rab8 30. Bb6 Rd7 31. Bc7 Rc8 32. Nbd4 Bxh2+ 33. Kxh2 Qe5+ 34. Kg1 Rdxc7 35. Nb5 Rc4 36. Qb3 d5 37. Na3 R4c7 38. exd5 Ba6 39. Nd4 Rc3 40. Qa4 Rc1 41. Nc6 Qe3 42. Rxc1 Qxc1+ 43. Kh2 Re8 44. d6 Re1 45. d7 Rh1+ 46. Kg3 1-0

[Event "Montcalm V 2003-04"]
[Site "Quebec CAN"]
[Date "2004.03.18"]
[Round "5"]
[White "Caron, Sebastien"]
[Black "Bender, Karl"]
[Result "1-0"]
[WhiteElo "1730"]
[BlackElo "1604"]
[PlyCount "115"]
[GameId "2160767911183794"]
[EventDate "2004.02.19"]
[EventType "swiss"]
[EventRounds "5"]
[EventCountry "CAN"]

1. e4 c5 2. d3 g6 3. Nc3 Bg7 4. f4 d6 5. Nf3 Nc6 6. Be3 Bg4 7. Be2 Nf6 8. h3 Bd7 9. g4 h6 10. Qd2 a6 11. d4 cxd4 12. Nxd4 Rc8 13. f5 Ne5 14. b3 Qa5 15. Nd1 Qxd2+ 16. Kxd2 Nxe4+ 17. Ke1 Ng3 18. Rg1 Nxe2 19. Kxe2 O-O 20. Rc1 Nc6 21. Nxc6 Rxc6 22. c4 Rfc8 23. Nc3 e6 24. a4 Bxc3 25. Rxc3 g5 26. f6 d5 27. Rd3 Rd6 28. c5 Rdc6 29. h4 gxh4 30. g5 h5 31. g6 e5 32. gxf7+ Kxf7 33. Rg7+ Ke6 34. Re7+ Kxf6 35. Rxd7 d4 36. Bd2 Rxc5 37. Rxb7 Kf5 38. Rh7 Kg4 39. Rg7+ Kf5 40. Rg5+ Ke4 41. Rxh5 Rg8 42. Rxh4+ Kd5 43. Rf3 Rg2+ 44. Rf2 d3+ 45. Ke3 Rxf2 46. Kxf2 e4 47. Rh5+ Kc6 48. Rxc5+ Kxc5 49. Ke3 Kd5 50. Bc3 Kc5 51. Kxe4 Kc6 52. Kxd3 Kd5 53. Bd4 Kc6 54. Kc4 Kb7 55. Kc5 Kc7 56. Kb4 Kc6 57. Ka5 Kb7 58. b4 1-0

[Event "Montcalm V 2003-04"]
[Site "Quebec CAN"]
[Date "2004.03.18"]
[Round "5"]
[White "Lessard, Claude"]
[Black "Berube, Antoine"]
[Result "1-0"]
[WhiteElo "2007"]
[BlackElo "2001"]
[PlyCount "67"]
[GameId "2160767911191987"]
[EventDate "2004.02.19"]
[EventType "swiss"]
[EventRounds "5"]
[EventCountry "CAN"]

1. d4 d5 2. c4 c6 3. Nf3 Nf6 4. Nc3 e6 5. e3 Nbd7 6. cxd5 exd5 7. Bd3 Bd6 8. O-O O-O 9. h3 Re8 10. Qc2 Qe7 11. Nd2 Nf8 12. e4 dxe4 13. Ndxe4 Nxe4 14. Nxe4 Bb8 15. Ng3 Be6 16. Bd2 Qd6 17. Rfe1 h5 18. Re4 Ng6 19. Rae1 Rf8 20. Rxe6 fxe6 21. Bxg6 h4 22. Nf1 Qxd4 23. Bc3 Qb6 24. Rxe6 Bg3 25. Nxg3 hxg3 26. Bh7+ Kh8 27. Bxg7+ Kxg7 28. Qg6+ Kh8 29. Qxg3 Qxb2 30. Bd3 Qc1+ 31. Bf1 Rf7 32. Qe5+ Rg7 33. Rg6 Rag8 34. f4 1-0

[Event "Montcalm V 2003-04"]
[Site "Quebec CAN"]
[Date "2004.03.18"]
[Round "5"]
[White "Poliquin, Yvone"]
[Black "Sauve, Richard"]
[Result "1-0"]
[WhiteElo "1810"]
[BlackElo "2048"]
[PlyCount "99"]
[GameId "2160767911191988"]
[EventDate "2004.02.19"]
[EventType "swiss"]
[EventRounds "5"]
[EventCountry "CAN"]
[SourceTitle "EXT 2005"]
[Source "ChessBase"]
[SourceDate "2004.11.15"]
[SourceVersion "1"]
[SourceVersionDate "2004.11.15"]
[SourceQuality "1"]

1. e4 e6 2. d4 d5 3. e5 c5 4. c3 Nc6 5. Nf3 Nge7 6. Be3 cxd4 7. cxd4 Nf5 8. Bd3 Nxe3 9. fxe3 Bb4+ 10. Nc3 O-O 11. O-O Bd7 12. Rc1 f6 13. exf6 Rxf6 14. Rc2 Qe7 15. Rcf2 Raf8 16. Bb1 Be8 17. e4 Bxc3 18. bxc3 Bh5 19. e5 Rf4 20. Bd3 h6 21. Be2 Qe8 22. g3 R4f7 23. Qd3 Ne7 24. Ng5 Bg6 25. Nxf7 Bxd3 26. Nxh6+ gxh6 27. Rxf8+ Qxf8 28. Rxf8+ Kxf8 29. Bxd3 Nc8 30. Kf2 Kg7 31. c4 Nb6 32. cxd5 Nxd5 33. Bc4 Nc7 34. Ke3 b5 35. Bb3 a5 36. a3 Kg6 37. Ke4 b4 38. axb4 axb4 39. Kf4 Nb5 40. Ke3 Nc7 41. Bc4 Kf5 42. Kf3 h5 43. h3 Nd5 44. Bxd5 exd5 45. Ke3 Ke6 46. Kd3 Kd7 47. Kc2 Kc6 48. Kb3 Kb5 49. g4 hxg4 50. hxg4 1-0

[Event "Montcalm VI 2003-04"]
[Site "Quebec CAN"]
[Date "2004.03.25"]
[Round "1"]
[White "Caire, Francois"]
[Black "Lessard, Claude"]
[Result "1-0"]
[WhiteElo "2075"]
[BlackElo "2070"]
[PlyCount "71"]
[GameId "2160767911175215"]
[EventDate "2004.03.25"]
[EventType "tourn"]
[EventRounds "5"]
[EventCountry "CAN"]

1. d4 Nf6 2. c4 g6 3. Nc3 Bg7 4. e4 d6 5. f4 c5 6. dxc5 Qa5 7. Bd3 Qxc5 8. Qe2 Nc6 9. Be3 Qa5 10. Nf3 Ng4 11. Bd2 O-O 12. h3 Nf6 13. O-O Nh5 14. Qf2 e5 15. Nd5 Qd8 16. f5 Bd7 17. g4 Nf4 18. Nxf4 exf4 19. Bxf4 Ne5 20. Nxe5 dxe5 21. Be3 gxf5 22. exf5 Bc6 23. Rad1 f6 24. Bxa7 Rxa7 25. Qxa7 Qc7 26. Qe3 e4 27. Bxe4 Re8 28. Rd4 Bh6 29. Qd3 Qb6 30. Bxc6 Be3+ 31. Kh1 Qxc6+ 32. Rd5 Bb6 33. Qf3 Qxc4 34. Rd6 Qb4 35. Qb3+ Qxb3 36. axb3 1-0

[Event "Montcalm VI 2003-04"]
[Site "Quebec CAN"]
[Date "2004.03.25"]
[Round "1"]
[White "Dion, Jean-Francois"]
[Black "Sauve, Richard"]
[Result "0-1"]
[WhiteElo "1923"]
[BlackElo "2020"]
[PlyCount "130"]
[GameId "2160767911175216"]
[EventDate "2004.03.25"]
[EventType "tourn"]
[EventRounds "5"]
[EventCountry "CAN"]
[SourceTitle "EXT 2005"]
[Source "ChessBase"]
[SourceDate "2004.11.15"]
[SourceVersion "1"]
[SourceVersionDate "2004.11.15"]
[SourceQuality "1"]

1. d4 e6 2. Nf3 d5 3. Bf4 Nf6 4. e3 Bd6 5. Bxd6 Qxd6 6. Nbd2 O-O 7. Bd3 Nbd7 8. O-O e5 9. Ne1 Re8 10. c3 e4 11. Be2 Nf8 12. c4 c6 13. Nc2 Ng6 14. b4 Bd7 15. c5 Qe7 16. a4 h6 17. Re1 Nh7 18. Nf1 Qg5 19. Ng3 Rf8 20. b5 f5 21. Bf1 f4 22. exf4 Qxf4 23. Qe2 Nf6 24. Qe3 Qh4 25. Nh1 Ng4 26. Qg3 Qxg3 27. hxg3 Rf7 28. Be2 Raf8 29. Bxg4 Bxg4 30. bxc6 bxc6 31. Rab1 Bc8 32. Nb4 Ne7 33. a5 Rf6 34. f3 Bf5 35. g4 Bg6 36. Rb3 Rf4 37. Ng3 R8f7 38. fxe4 Bxe4 39. Nxe4 dxe4 40. Rbe3 Nd5 41. Nxd5 cxd5 42. Rb1 Rf2 43. Rb8+ Kh7 44. Rd8 Rc2 45. Rxd5 Rff2 46. Kh2 Rxg2+ 47. Kh3 Rgd2 48. Kg3 g5 49. Rd7+ Kg6 50. Rd6+ Kf7 51. Rf3+ exf3 52. Kxf3 Rf2+ 53. Ke4 Rf4+ 54. Ke5 Re2+ 55. Kd5 Ree4 56. Kc4 Ke7 57. Rxh6 Rxd4+ 58. Kb5 Rb4+ 59. Ka6 Rf6+ 60. Rxf6 Kxf6 61. Kxa7 Ke6 62. c6 Kd6 63. a6 Kxc6 64. Ka8 Kb6 65. a7 Ra4 0-1

[Event "Montcalm VI 2003-04"]
[Site "Quebec CAN"]
[Date "2004.03.25"]
[Round "1"]
[White "Perreault, Jacquelin"]
[Black "Carrier, Claude"]
[Result "1/2-1/2"]
[WhiteElo "1745"]
[BlackElo "1875"]
[PlyCount "65"]
[GameId "2160767911175217"]
[EventDate "2004.03.25"]
[EventType "tourn"]
[EventRounds "5"]
[EventCountry "CAN"]

1. e4 c5 2. Nf3 e6 3. d4 cxd4 4. Nxd4 Qb6 5. Be3 Qxb2 6. Nd2 a6 7. Bc4 b5 8. Bb3 Bb7 9. O-O Nf6 10. e5 Nd5 11. c4 Nxe3 12. fxe3 bxc4 13. Rb1 Qc3 14. Nxc4 Be7 15. Nd6+ Bxd6 16. exd6 Qxe3+ 17. Kh1 O-O 18. Bxe6 Bxg2+ 19. Kxg2 fxe6 20. Rb3 Qe4+ 21. Kg1 Nc6 22. Nxc6 Qxc6 23. Qd4 e5 24. Qxe5 Rae8 25. Qd4 Re4 26. Rc3 Qb7 27. Qc5 Rg4+ 28. Rg3 Rc8 29. Qe3 Rxg3+ 30. hxg3 Qc6 31. Qe7 Qc5+ 32. Kh1 Qh5+ 33. Kg1 1/2-1/2

[Event "Montcalm VI 2003-04"]
[Site "Quebec CAN"]
[Date "2004.04.01"]
[Round "1"]
[White "Berube, Antoine"]
[Black "Auger, Bertrand"]
[Result "1/2-1/2"]
[WhiteElo "1985"]
[BlackElo "2093"]
[PlyCount "90"]
[GameId "2160767911175218"]
[EventDate "2004.03.25"]
[EventType "tourn"]
[EventRounds "5"]
[EventCountry "CAN"]

1. d4 e6 2. c4 Nf6 3. Nc3 Bb4 4. e3 O-O 5. Bd3 d5 6. Nf3 c5 7. O-O Nc6 8. a3 Bxc3 9. bxc3 dxc4 10. Bxc4 Na5 11. Ba2 Qc7 12. Bd2 c4 13. Qc2 b6 14. e4 Bb7 15. Rfe1 Qc6 16. Ne5 Qc7 17. f3 Rac8 18. Rad1 Rfd8 19. Bb1 Nb3 20. Bg5 h6 21. Bxf6 gxf6 22. Ng4 Qf4 23. Qf2 h5 24. g3 Qg5 25. Ne3 b5 26. f4 Qg6 27. f5 Qg5 28. h4 Qh6 29. Kh2 Kh8 30. Rg1 Rg8 31. g4 Rg7 32. e5 Rcg8 33. exf6 Rxg4 34. Nxg4 hxg4 35. Qg3 Nd2 36. Rdf1 Nxf1+ 37. Rxf1 Qd2+ 38. Kg1 e5 39. dxe5 Qd5 40. e6 Rd8 41. exf7 Qc5+ 42. Qf2 Qc6 43. Qg3 Qb6+ 44. Qf2 Qc6 45. Qg3 Qb6+ 1/2-1/2

[Event "Montcalm VI 2003-04"]
[Site "Quebec CAN"]
[Date "2004.04.01"]
[Round "2"]
[White "Bourassa, Andre"]
[Black "Moisan, Francois"]
[Result "0-1"]
[WhiteElo "1679"]
[BlackElo "1817"]
[PlyCount "40"]
[GameId "2160767911175219"]
[EventDate "2004.03.25"]
[EventType "tourn"]
[EventRounds "5"]
[EventCountry "CAN"]

1. d4 Nf6 2. c4 g6 3. Nc3 Bg7 4. e4 d6 5. f3 O-O 6. Be3 e5 7. d5 Nh5 8. g4 Nf4 9. h4 f5 10. g5 Nd7 11. Qd2 a5 12. Nh3 Nc5 13. O-O-O fxe4 14. Nxe4 Nxe4 15. fxe4 Qe8 16. Bg2 Qa4 17. b3 Qa3+ 18. Kb1 a4 19. Bxf4 exf4 20. Qc2 axb3 0-1

[Event "Montcalm VI 2003-04"]
[Site "Quebec CAN"]
[Date "2004.04.01"]
[Round "2"]
[White "Dion, Jean-Francois"]
[Black "Caire, Francois"]
[Result "0-1"]
[WhiteElo "1863"]
[BlackElo "2075"]
[PlyCount "86"]
[GameId "2160767911175220"]
[EventDate "2004.03.25"]
[EventType "tourn"]
[EventRounds "5"]
[EventCountry "CAN"]

1. d4 Nf6 2. Nf3 e6 3. Bf4 c5 4. c3 Nc6 5. e3 d5 6. Bd3 Bd6 7. Bxd6 Qxd6 8. O-O O-O 9. Re1 b6 10. Nbd2 Bb7 11. e4 dxe4 12. Nxe4 Nxe4 13. Bxe4 cxd4 14. Nxd4 Rad8 15. Nf3 Na5 16. Bxb7 Nxb7 17. Qe2 Qc7 18. Rad1 Rxd1 19. Rxd1 Rd8 20. Rxd8+ Qxd8 21. c4 g6 22. Kf1 Qd6 23. Qd2 Qxd2 24. Nxd2 Kf8 25. Ke2 Ke7 26. Ke3 Kd6 27. Ne4+ Ke7 28. b4 Nd6 29. c5 Nxe4 30. cxb6 axb6 31. Kxe4 b5 32. Kd4 Kd6 33. Kc3 e5 34. Kb3 e4 35. a4 bxa4+ 36. Kxa4 f5 37. Kb3 Kd5 38. Kc3 f4 39. h4 h6 40. h5 gxh5 41. b5 h4 42. b6 Kc6 43. Kd4 f3 0-1

[Event "Montcalm VI 2003-04"]
[Site "Quebec CAN"]
[Date "2004.04.01"]
[Round "2"]
[White "Perreault, Jacquelin"]
[Black "Gago, Nelson"]
[Result "1-0"]
[WhiteElo "1745"]
[BlackElo "1881"]
[PlyCount "51"]
[GameId "2160767911175221"]
[EventDate "2004.03.25"]
[EventType "tourn"]
[EventRounds "5"]
[EventCountry "CAN"]

1. e4 c6 2. d4 d5 3. Nd2 dxe4 4. Nxe4 Bf5 5. Ng3 Bg6 6. Nf3 e6 7. Bd3 Bxd3 8. Qxd3 Nf6 9. O-O Nbd7 10. c4 Qc7 11. Bd2 O-O-O 12. b4 Ne5 13. Nxe5 Qxe5 14. Qb3 Qxd4 15. Be3 Qd3 16. Qa4 Qxc4 17. Rfc1 Qa6 18. Rxc6+ Qxc6 19. Rc1 Qxc1+ 20. Bxc1 Bd6 21. Be3 Bxg3 22. hxg3 Ng4 23. Bxa7 Rd5 24. Bb6 h5 25. f3 Rh6 26. Qe8+ 1-0

[Event "Montcalm VI 2003-04"]
[Site "Quebec CAN"]
[Date "2004.04.01"]
[Round "2"]
[White "Sauve, Richard"]
[Black "Auger, Bertrand"]
[Result "0-1"]
[WhiteElo "2020"]
[BlackElo "2039"]
[PlyCount "74"]
[GameId "2160767911175222"]
[EventDate "2004.03.25"]
[EventType "tourn"]
[EventRounds "5"]
[EventCountry "CAN"]
[SourceTitle "EXT 2005"]
[Source "ChessBase"]
[SourceDate "2004.11.15"]
[SourceVersion "1"]
[SourceVersionDate "2004.11.15"]
[SourceQuality "1"]

1. d4 Nf6 2. c4 b6 3. Nc3 Bb7 4. Nf3 e6 5. e3 Bb4 6. Bd3 O-O 7. O-O d5 8. cxd5 exd5 9. Qc2 Re8 10. Bd2 a6 11. Rac1 Bd6 12. Ne2 Nbd7 13. Ng3 g6 14. b4 Ne4 15. a4 h5 16. b5 a5 17. Rfd1 Qf6 18. Be1 h4 19. Nf1 h3 20. Ng3 hxg2 21. Kxg2 Kg7 22. Bc3 Re7 23. Bxe4 dxe4 24. Nd2 Rh8 25. d5 Be5 26. Ndxe4 Qh4 27. Nf1 Qh3+ 28. Kg1 f6 29. Bxe5 Nxe5 30. f4 Nf3+ 31. Kh1 Qf5 32. Nc3 Qh5 33. Rd3 Bc8 34. Qf2 Qg4 35. Rc2 Rh3 36. Ne2 Bf5 37. Ng1 Nxg1 0-1